000 00707nam a2200145 a 4500
008 100310s1994 ||||||||||||||||| || u
050 _aUN-ECA(01)PADIS
110 _aUnited Nations Economic Commission For Africa(UNECA)
245 1 4 _aThe emergence of a new Africa : proscription and prescription
_cby United Nations Economic Commission for Africa (UN-ECA)
260 _aAddis Ababa :
_bUNITED NATIONS ECONOMIC COMMISSION FOR AFRICA(UNECA)
_c1994
300 _a13p.
350 _a0.00
650 0 _aECONOMIC DEVELOPMENT--AFRICA--CONGRESSES
995 _D0.00
_FCBU-MAIN LIBRARY (Kitwe)
_H1
_I0.00
_M1
_UAVAILABLE
_WMar 10, 2010
_ZInternational Publications
999 _c41725
_d41725